|
|
|
|
| LEADER |
00000nab a2200000 a 4500 |
| 001 |
vtls000685168 |
| 003 |
SK-MaSNL |
| 005 |
20260304084054.0 |
| 008 |
250425c1998 xo 0 slo |
| 015 |
|
|
|a SNBRB1999/01-02441
|
| 035 |
|
|
|a CLN000037335
|
| 035 |
|
|
|a urn:nbn:sk:snk-ab9ze3
|
| 035 |
|
|
|a (urnnbn)urn:nbn:sk:snk:ar-a0964h
|
| 035 |
|
|
|a (uuid)f126e00c-17ef-4d0b-bad0-d1fb15a0997b
|
| 040 |
|
|
|a SNKBUCL
|b slo
|c SNKBUCL
|e AACR2
|
| 041 |
0 |
|
|a slo
|
| 044 |
|
|
|a xo
|c SK
|
| 080 |
|
|
|a 796.431.1.015.52
|2 1997
|
| 100 |
1 |
|
|a Moravec, Roman,
|d 1950-2009
|4 aut
|9 109705
|
| 245 |
1 |
0 |
|a Mechanizmus generovania vertikálnej rýchlosti spoločného ťažiska tela počas odrazu v skoku do výšky
|c Roman Moravec, Miloš Slamka
|
| 300 |
|
|
|b Tab., sch.
|
| 504 |
|
|
|a Res. angl., nem.
|
| 504 |
|
|
|a Bibliogr. odkazy
|
| 650 |
0 |
7 |
|a atletika ľahká
|x skok do výšky
|x odraz
|x rýchlosť horizontálna
|x rýchlosť vertikálna
|x analýza biochemická
|2 snkbucl
|9 1375950
|
| 655 |
|
7 |
|a články z novín a časopisov
|2 snkbucl
|9 267496
|
| 700 |
1 |
|
|a Slamka, Miloš
|4 aut
|9 267538
|
| 773 |
0 |
|
|t Telesná výchova a šport
|g Roč. 8, č. 4 (1998), s. 37-41
|x 1335-2245
|
| 850 |
|
|
|a Slovenská národná knižnica
|
| 852 |
|
|
|a Slovenská národná knižnica
|
| 954 |
|
|
|a odborná, vedecká literatúra pôvodná (slovenská)
|2 lita
|
| 958 |
|
|
|a article13
|
| 958 |
|
|
|a OND
|
| 958 |
|
|
|a EUIPO
|
| 992 |
|
|
|a RBX
|
| 999 |
|
|
|c 2802001
|d 2803931
|